书目信息 |
| 题名: |
明清单色釉瓷识真
|
|
| 作者: | 蔡毅 编著 | |
| 分册: | ||
| 出版信息: | 南昌 江西美术出版社 2004 |
|
| 页数: | 123页 | |
| 开本: | 23cm | |
| 丛书名: | 中国文物识真丛书 | |
| 单 册: | ||
| 中图分类: | K876.34 | |
| 科图分类: | ||
| 主题词: | 釉上彩--瓷器(考古)--鉴别--中国--明清时代 , 釉上彩 , 瓷器(考古) | |
| 电子资源: | ||
| ISBN: | 7-80690-319-4 | |
| 000 | 00914oam2 2200277 450 | |
| 001 | 0302577271 | |
| 005 | 20051212111501.25 | |
| 010 | @a7-80690-319-4@b精装@dCNY38.00 | |
| 092 | @aCN | |
| 100 | @a20040805d2004 em y0chiy0110 ea | |
| 101 | 0 | @achi |
| 102 | @aCN@b110000 | |
| 105 | @ay z 000yy | |
| 200 | 1 | @a明清单色釉瓷识真@9ming qing dan se you ci shi zhen@f蔡毅编著@Fcai yi bian zhu |
| 210 | @a南昌@c江西美术出版社@d2004 | |
| 215 | @a123页@d23cm | |
| 225 | 2 | @a中国文物识真丛书 |
| 330 | @a本书选择了明、清两代的单色釉瓷百余件,每件都具备典型特征和工艺特点,每一位学习者都可以从单色釉瓷上了解当时的制作特点,从而达到识真辨伪的目的。 | |
| 410 | 0 | @12001 @a中国文物识真丛书 |
| 606 | 0 | @a釉上彩@x瓷器(考古)@x鉴别@y中国@z明清时代 |
| 606 | 0 | @a釉上彩 |
| 606 | 0 | @a瓷器(考古) |
| 690 | @aK876.34@v4 | |
| 701 | 0 | @a蔡毅@Acai yi@4编著 |
| 801 | 0 | @aCN@bCXYBOOK@c20051212 |
| 905 | @a10447@dK876.34@e166 | |
| 明清单色釉瓷识真/蔡毅编著.-南昌:江西美术出版社,2004 |
| 123页;23cm.-(中国文物识真丛书) |
| ISBN 7-80690-319-4(精装):CNY38.00 |
| 本书选择了明、清两代的单色釉瓷百余件,每件都具备典型特征和工艺特点,每一位学习者都可以从单色釉瓷上了解当时的制作特点,从而达到识真辨伪的目的。 |
| ● |
| 相关链接 |
|
|
|
|
正题名:明清单色釉瓷识真
索取号:K876.34/166
 
预约/预借
| 序号 | 登录号 | 条形码 | 馆藏地/架位号 | 状态 | 备注 |
| 1 | 0370792 | 203707925 | 第二样本阅览室/ [索取号:K876.34/166] | 在馆 |